KOHA-Header-6

Internetworking with TCP/IP Client-Server Programming and Applications (Record no. 1346)

000 -LEADER
fixed length control field 00360nam a2200133Ia 4500
008 - FIXED-LENGTH DATA ELEMENTS--GENERAL INFORMATION
fixed length control field 190723s9999 xx 000 0 und d
020 ## - INTERNATIONAL STANDARD BOOK NUMBER
International Standard Book Number 978-93-325-4987-6
100 ## - MAIN ENTRY--PERSONAL NAME
Personal name Douglas E.Comer
245 #0 - TITLE STATEMENT
Title Internetworking with TCP/IP Client-Server Programming and Applications
250 ## - EDITION STATEMENT
Edition statement 2rd
260 ## - PUBLICATION, DISTRIBUTION, ETC. (IMPRINT)
Place of publication, distribution, etc India
Name of publisher, distributor, etc Pearson
Date of publication, distribution, etc 2015
300 ## - PHYSICAL DESCRIPTION
Extent 519
942 ## - ADDED ENTRY ELEMENTS (KOHA)
Koha item type Books
Holdings
Withdrawn status Lost status Damaged status Not for loan Collection code Permanent Location Current Location Shelving location Date acquired Full call number Barcode Date last seen Price effective from Koha item type
        Computer Networking MAJU MAJU Shelf No.A33 2019-07-23 4.6 7971 2019-07-23 2019-07-23 Computer Networking

Powered by Koha